| 000 | 00778nam a2200205 i 4500 | ||
|---|---|---|---|
| 001 | 70740 | ||
| 003 | ES-MaACL | ||
| 005 | 20230906170915.0 | ||
| 007 | t| | ||
| 008 | 040802s1962 sp ||||1| spa d | ||
| 100 | 1 |
_aGarmendia de Otaola, Antonio. _955586 |
|
| 245 | 1 | 0 |
_aBessain, patria de San Martín de Loinaz _b: biografía de un pueblo y de un santo / _cpor Antonio Garmendia de Otaola ; prólogo de Mateo Múgica Urrestarazu ; epílogo de Pablo Hunolt Arana. |
| 260 |
_aZarauz : _bIcharopena, _c1962. |
||
| 300 |
_a351 p., 12 lám. ; _c24 cm. |
||
| 600 | 1 | 4 |
_aMartín de Loinaz _cSanto. _9164820 |
| 651 | 4 |
_aBeasain- _xHistoria. _9164821 |
|
| 700 | 1 |
_aMúgica Urrestarazu, Mateo. _984069 |
|
| 700 | 1 |
_aHunolt Arana, Pablo. _964738 |
|
| 852 |
_aES-MaACL _jC-21957 _bR.50658 |
||
| 999 |
_c70740 _d70740 |
||